|
|
|
|
| LEADER |
01574nam a2200349 a 4500 |
| 001 |
mzk03001079225 |
| 003 |
CZ BrMZK |
| 005 |
20140113122004.0 |
| 007 |
ta |
| 008 |
100302s1748 au fr|||||00| ||itaod |
| 040 |
|
|
|a BOA001
|b cze
|
| 072 |
|
7 |
|a 094
|x Staré tisky
|2 Konspekt
|9 12
|
| 080 |
|
|
|a (0.068)094
|2 MRF
|
| 100 |
1 |
|
|a Pasquini, Giovanni Claudio,
|d 1695-1763
|7 mzk2009509856
|4 aut
|
| 245 |
1 |
0 |
|a Leucippo favola Pastorale per Musica rappresentarsi nel Nuovo Privilegiato Imperiale Teatro. /
|c In occasione del gloriosissimo Giorno Natalizio Della S.C.C.R.M. Elisabetha Cristina. In Vienna L'Anno M.DCC.XLVIII.
|
| 260 |
|
|
|a Vienna :
|b appresso Giov. Pietro van Ghelen, Stampatore di Corte di S.S.C.R.M.,
|c 1748
|
| 300 |
|
|
|a 62, [1] s. ;
|c 8°
|
| 500 |
|
|
|a Výzdoba: Vlysy, viněty
|
| 500 |
|
|
|a Dostupné též v digitalni podobě na: http://kramerius.mzk.cz
|
| 563 |
|
|
|a Papírová obálka, poškozená, utržený přední díl, na zadním dílu štítek B. N. 60. Bibliotheca Wesseliensis
|
| 590 |
|
|
|a Zmačkaná titulní strana
|
| 655 |
|
7 |
|a staré tisky
|7 fd422076
|2 czenas
|
| 700 |
0 |
|
|a Alžběta Kristýna,
|c římskoněmecká císařovna, choť Karla VI., římskoněmeckého císaře,
|d 1691-1750
|7 jn20011024046
|4 dte
|
| 856 |
4 |
1 |
|u http://www.digitalniknihovna.cz/mzk/uuid/uuid:e15b8aa4-70b2-490f-9229-cdaba1235019
|y Digitalizovaný dokument
|
| 903 |
|
|
|a RP
|
| 910 |
|
|
|a BOA001
|b CH-0008.896
|
| 978 |
|
|
|b Ghelen, Johann Peter van
|a Wien
|c 1748
|
| 984 |
|
|
|a Vídeň
|b Rakousko
|
| 985 |
|
|
|a 1701-1750
|
| 990 |
|
|
|a BK
|
| 993 |
|
|
|a Y
|
| 991 |
|
|
|p EOD 2013/64
|k mzk
|